|
|
|
|
| LEADER |
00000nas a2200000 a 4500 |
| 001 |
ssj0000800676 |
| 003 |
WaSeSS |
| 005 |
20200512172242.0 |
| 006 |
m d |
| 007 |
cr n |
| 008 |
120808c20119999rm qr p s 0 0eng c |
| 010 |
|
|
|a 2012243779
|
| 016 |
7 |
|
|a 101596099
|2 DNLM
|
| 022 |
|
|
|a 2248-2997
|l 2248-2997
|
| 035 |
|
|
|a (WaSeSS)ssj0000800676
|
| 037 |
|
|
|b Institutul de Bolinfectioase "Matei Bals" / "Matei Bals" Institute for Infectious Diseases, 1 Dr Calistrat Grozovici St, Bucharest, Romania
|
| 040 |
|
|
|a CNCGM
|b eng
|c CNCGM
|d OCLCQ
|d NLM
|d OCLCO
|d STF
|d OCLCF
|d TXA
|d CUS
|d OCLCO
|d OCL
|d OCLCQ
|d OCLCO
|d CASUM
|d OCLCA
|d AU@
|d OCLCO
|d OCLCA
|d WaSeSS
|
| 042 |
|
|
|a pcc
|
| 050 |
1 |
4 |
|a RC109
|b .G47
|
| 060 |
1 |
0 |
|a W1
|
| 130 |
0 |
|
|a GERMS (Bucharest)
|
| 210 |
0 |
|
|a Germs
|b (Bucur.)
|
| 222 |
|
0 |
|a Germs
|b (București)
|
| 245 |
1 |
0 |
|a GERMS
|h [electronic resource].
|
| 260 |
|
|
|a [Bucharest] :
|b National Institute of Infectious Diseases "Prof. Dr. Matei Balș" :
|b European Academy of HIV/AIDS and Infectious Diseases,
|c ©2011-
|
| 310 |
|
|
|a Quarterly
|
| 362 |
1 |
|
|a Began with: Vol. 1, issue 1 (Dec. 2011).
|
| 506 |
|
|
|a License restrictions may limit access.
|
| 550 |
|
|
|a Official publication of the National Institute of Infectious Diseases "Prof. Dr. Matei Balș", Romania and European HIV/AIDS & Infectious Diseases Academy.
|
| 588 |
|
|
|a Description based on: Vol. 1, issue 1 (Dec. 2011); title from PDF cover (publisher's Web site, viewed Dec. 14, 2012).
|
| 588 |
|
|
|a Latest issue consulted: Vol. 4, issue 1 (Mar. 2014) (journal site, viewed May 20, 2014).
|
| 650 |
|
0 |
|a Communicable diseases
|v Periodicals.
|
| 650 |
|
0 |
|a AIDS (Disease)
|v Periodicals.
|
| 650 |
|
7 |
|a AIDS (Disease)
|2 fast
|0 (OCoLC)fst00793808
|
| 650 |
|
7 |
|a Communicable diseases.
|2 fast
|0 (OCoLC)fst00869883
|
| 650 |
1 |
2 |
|a Communicable Diseases.
|
| 655 |
|
0 |
|a Electronic journals.
|
| 710 |
2 |
|
|a Institutul Național de Boli Infectioase (Romania)
|
| 710 |
2 |
|
|a European HIV/AIDS & Infectious Diseases Academy.
|
| 856 |
4 |
0 |
|z Full text available from Research Library: 12/01/2011 to 03/31/2020
|u https://search.proquest.com/publication/2032454
|